000 00805nam a2200217Ia 4500
001 15700
003 GE_BSU
008 181216s||||||||xx |||||||||||||| ||und||
040 _cGE_BSU
100 _aწერეთელი, გიორგი
245 _aნამცეცას გმირობა
245 _bლექსები უმცროსი სასკოლო ასაკის ბავშვთათვის
245 _cრედ.ჯ.ბაჯელიძე. მხატვ.დ.ზარაფიშვილი
260 _aთბილისი
260 _bნაკადული
260 _c1971
300 _a111გვ. : ილ. ; 16სმ
653 _aლექსები
653 _aნამცეცას გმირობა
942 _cBK
999 _c48798
_d48798